The puppets' tale/ (Record no. 193591)

MARC details
000 -LEADER
fixed length control field 00726nam a22002057a 4500
005 - DATE AND TIME OF LATEST TRANSACTION
control field 20221104111929.0
010 ## - LCCN (DPL NO)
LC control number ENG-135618
020 ## - INTERNATIONAL STANDARD BOOK NUMBER
Terms of availability 910.00
International Standard Book Number 9789354420252
035 ## - SYSTEM CONTROL NUMBER
System control number EN-119150
037 ## - SOURCE OF ACQUISITION
Source of stock number/acquisition DBAD/PUB
082 ## - DEWEY DECIMAL CLASSIFICATION NUMBER
Classification number S
100 ## - MAIN ENTRY--PERSONAL NAME
Personal name Bandyopadhyay, Manik
245 ## - TITLE STATEMENT
Title The puppets' tale/
Statement of responsibility, etc by Manik Bandyopadhyay; Translated by Ratan kumar Chattopadhyay, Forewarded by Samantak Das
260 ## - PUBLICATION, DISTRIBUTION, ETC. (IMPRINT)
Place of publication, distribution, etc Telangana
Name of publisher, distributor, etc Orient Blackswan Pvt. Ltd.
Date of publication, distribution, etc 2022
270 ## - ADDRESS
Address 3-6-752 Himayatnagar, Hyderabad
City Telangana
Postal code 500029
Electronic mail address info@orientblackswan.com
300 ## - PHYSICAL DESCRIPTION
Extent xxx; 258p.
Dimensions 22cm(pbk)
Other physical details Glossary & Notes
700 ## - ADDED ENTRY--PERSONAL NAME
Personal name Chattopadhyay, Ratan Kumar
Relator term Translated
700 ## - ADDED ENTRY--PERSONAL NAME
Personal name Das, Samantak
Relator term Forewarded
942 ## - ADDED ENTRY ELEMENTS (KOHA)
Source of classification or shelving scheme Dewey Decimal Classification
Item type English Books
Call number suffix BAN
Classification part S
Holdings
Withdrawn status Lost status Not for loan Collection code Home library Current library Date acquired Source of acquisition Cost, normal purchase price Full call number Barcode Copy number Cost, replacement price Koha item type
      Fiction Peshwa Road Peshwa Road 04/11/2022 DBAD/PUB 910.00 S BAN EN-119150 1 910.00 English Books

© Delhi Public Library
Hit Counter
free hit counter